| 000 | 00471nam a2200145 4500 | ||
|---|---|---|---|
| 005 | 20260226120821.0 | ||
| 008 | 260226b |||||||| |||| 00| 0 eng d | ||
| 020 | _a9780071313674 | ||
| 100 | _aWilley M. Joanne, Sherwood M. Linda, Woolverton J. Christopher | ||
| 245 |
_aPrescott's Microbiology _c/Joanne M. willey |
||
| 250 | _a8th Edition | ||
| 260 |
_aUnited States of America; _bMcGraw-Hill Company Inc; _c2011 |
||
| 300 |
_axviii,1070p.ill; _c27.5cm |
||
| 942 |
_2lcc _n0 _cBK |
||
| 999 |
_c176 _d176 |
||